|
|
|
|
| LEADER |
00000nam0a2200000 4500 |
| 001 |
113399 |
| 005 |
20231031121812.0 |
| 035 |
|
|
|a (RuTPU)RU\TPU\book\122643
|
| 090 |
|
|
|a 113399
|
| 100 |
|
|
|a 20070410d1982 m y0rusy50 ca
|
| 101 |
0 |
|
|a rus
|
| 102 |
|
|
|a RU
|
| 105 |
|
|
|a a j 001zy
|
| 200 |
1 |
|
|a ИК-спектроскопия многократного отражения
|e учебное пособие
|f Г. Н. Кузнецова
|g Ленинградский технологический институт им. Ленсовета, Кафедра химии твердых веществ
|
| 210 |
|
|
|a Ленинград
|c Ленинградский технологический ин-т им. Ленсовета
|d 1982
|
| 215 |
|
|
|a 82 с.
|c ил.
|
| 320 |
|
|
|a Литература: с. 79-80.
|
| 610 |
1 |
|
|a ИК-спектроскопия
|
| 610 |
1 |
|
|a многократное отражение
|
| 610 |
1 |
|
|a учебные пособия
|
| 675 |
|
|
|a 535.33
|v 3
|
| 675 |
|
|
|a 535.34(075.8)
|v 3
|
| 700 |
|
1 |
|a Кузнецова
|b Г. Н.
|g Галина Николаевна
|
| 712 |
0 |
2 |
|a Ленинградский технологический институт им. Ленсовета
|2 stltpush
|3 (RuTPU)RU\TPU\col\1462
|
| 801 |
|
1 |
|a RU
|b 63413507
|c 20070410
|g PSBO
|
| 801 |
|
2 |
|a RU
|b 63413507
|c 20080203
|g PSBO
|
| 942 |
|
|
|c BK
|